Termodinámica
| Main Authors: | , |
|---|---|
| Format: | Section = Libro |
| Language: | Undetermined Spanish |
| Published: |
España
México
2001
|
| Edition: | 6a.ed |
| Subjects: |
| LEADER | 00818nam a2200301Ia 4500 | ||
|---|---|---|---|
| 008 | 240830s9999 xx 000 0 und d | ||
| 020 | |a 84-481-2829-X | ||
| 040 | |a B-ESTELÍ- RUACS / 621.4021 W276 | ||
| 041 | |a spa | ||
| 082 | |a 621.4021 W276 | ||
| 100 | 1 | |a Wark, Kenneth | |
| 100 | 1 | |b Donald E., Richards | |
| 245 | 1 | 0 | |a Termodinámica |
| 250 | |a 6a.ed | ||
| 260 | |a España |b México |c 2001 | ||
| 300 | |a 1048 p. :il | ||
| 650 | 7 | |a TERMODINAMICA | |
| 650 | 7 | |b PRIMERA LEY TERMODINAMICA | |
| 650 | 7 | |c ANÁLISIS ENERGETICO - VOLUMEN DE CONTROL | |
| 650 | 7 | |d ENTROPIA | |
| 650 | 7 | |e SEGUNDA LEY TERMODINAMICA | |
| 650 | 7 | |f GASES REALES | |
| 650 | 7 | |g REACCIONES QUÍMICAS | |
| 650 | 7 | |h EQUILIBRIO QUIMICO | |
| 650 | 7 | |i CICLOS DE POTENCIA - VAPOR. | |
| 942 | |c BK |2 ddc | ||
| 991 | |a TEXTO | ||
| 999 | |c 11225 | ||